Central Library OPAC University of Rajshahi
Normal view MARC view

Entry Topical Term

Number of records used in: 2

001 - CONTROL NUMBER

  • control field: 2076

003 - CONTROL NUMBER IDENTIFIER

  • control field: BD-RjUL

005 - DATE AND TIME OF LATEST TRANSACTION

  • control field: 20220327165930.0

008 - FIXED-LENGTH DATA ELEMENTS

  • fixed length control field: 220327|| aca||aabn | a|a d

040 ## - CATALOGING SOURCE

  • Original cataloging agency: BD-RjUL
  • Transcribing agency: BD-RjUL

150 ## - HEADING--TOPICAL TERM

  • Topical term or geographic name entry element: Potatoes
  • General subdivision: Agricultural Genetics

670 ## - SOURCE DATA FOUND

  • Source citation: Work cat.: (BD-RjUL)79618: Nasiruddin, Md. 2075, Genetic resource conservation and diversity studies in Potato (Solanum tuberosum L.) /, 2016